Dictionary of oil, gas, and petrochemical processing / (Record no. 10931)
[ view plain ]
| 000 -LEADER | |
|---|---|
| fixed length control field | 01396nam a2200373Ii 4500 |
| 001 - CONTROL NUMBER | |
| control field | CRC0KE23131PDF |
| 003 - CONTROL NUMBER IDENTIFIER | |
| control field | BD-DhSAU |
| 005 - DATE AND TIME OF LATEST TRANSACTION | |
| control field | 20151012144258.0 |
| 006 - FIXED-LENGTH DATA ELEMENTS--ADDITIONAL MATERIAL CHARACTERISTICS | |
| fixed length control field | m|||||o||d|||||||| |
| 007 - PHYSICAL DESCRIPTION FIXED FIELD--GENERAL INFORMATION | |
| fixed length control field | cr|||| |
| 008 - FIXED-LENGTH DATA ELEMENTS--GENERAL INFORMATION | |
| fixed length control field | 131227t20142014flua od 000 0 eng d |
| 020 ## - INTERNATIONAL STANDARD BOOK NUMBER | |
| International Standard Book Number | 9781466588264 (ebook : PDF) |
| 040 ## - CATALOGING SOURCE | |
| Original cataloging agency | BD-DhSAU |
| Language of cataloging | eng |
| Transcribing agency | BD-DhSAU |
| Description conventions | rda |
| 090 ## - LOCALLY ASSIGNED LC-TYPE CALL NUMBER (OCLC); LOCAL CALL NUMBER (OCLC) | |
| Classification number (OCLC) (R) ; Classification number, CALL (RLIN) (NR) | TP690 |
| Local cutter number (OCLC) ; Book number/undivided call number, CALL (RLIN) | .B34 2014 |
| 092 ## - LOCALLY ASSIGNED DEWEY CALL NUMBER (OCLC) | |
| Classification number | 665.53 |
| Item number | B151 |
| 100 1# - MAIN ENTRY--PERSONAL NAME | |
| Personal name | Bahadori, Alireza, |
| Relator term | author. |
| 245 10 - TITLE STATEMENT | |
| Title | Dictionary of oil, gas, and petrochemical processing / |
| Statement of responsibility, etc. | Alireza Bahadori, Chikezie Nwaoha, Malcolm William Clark. |
| 264 #1 - PRODUCTION, PUBLICATION, DISTRIBUTION, MANUFACTURE, AND COPYRIGHT NOTICE | |
| Place of production, publication, distribution, manufacture | [Boca Raton, FL] : |
| Name of producer, publisher, distributor, manufacturer | CRC Press, |
| Date of production, publication, distribution, manufacture, or copyright notice | [2014] |
| 264 #4 - PRODUCTION, PUBLICATION, DISTRIBUTION, MANUFACTURE, AND COPYRIGHT NOTICE | |
| Date of production, publication, distribution, manufacture, or copyright notice | �2014 |
| 300 ## - PHYSICAL DESCRIPTION | |
| Extent | 1 online resource : |
| Other physical details | text file, PDF |
| 336 ## - CONTENT TYPE | |
| Content type term | text |
| Source | rdacontent |
| 337 ## - MEDIA TYPE | |
| Media type term | computer |
| Source | rdamedia |
| 338 ## - CARRIER TYPE | |
| Carrier type term | online resource |
| Source | rdacarrier |
| 530 ## - ADDITIONAL PHYSICAL FORM AVAILABLE NOTE | |
| Additional physical form available note | Also available in print format. |
| 650 #0 - SUBJECT ADDED ENTRY--TOPICAL TERM | |
| Topical term or geographic name as entry element | Petroleum |
| Form subdivision | Dictionaries. |
| 650 #0 - SUBJECT ADDED ENTRY--TOPICAL TERM | |
| Topical term or geographic name as entry element | Gas |
| Form subdivision | Dictionaries. |
| 650 #0 - SUBJECT ADDED ENTRY--TOPICAL TERM | |
| Topical term or geographic name as entry element | Petroleum chemicals industry |
| Form subdivision | Dictionaries. |
| 650 #0 - SUBJECT ADDED ENTRY--TOPICAL TERM | |
| Topical term or geographic name as entry element | Petroleum chemicals |
| Form subdivision | Dictionaries. |
| 655 #7 - INDEX TERM--GENRE/FORM | |
| Genre/form data or focus term | Electronic books. |
| Source of term | lcsh |
| 700 1# - ADDED ENTRY--PERSONAL NAME | |
| Personal name | Nwaoha, Chikezie, |
| Relator term | author. |
| 700 1# - ADDED ENTRY--PERSONAL NAME | |
| Personal name | Clark, Malcolm William, |
| Relator term | author. |
| 776 08 - ADDITIONAL PHYSICAL FORM ENTRY | |
| Relationship information | Print version: |
| International Standard Book Number | 9781466588257 |
| -- | 146658825X |
| 856 40 - ELECTRONIC LOCATION AND ACCESS | |
| Uniform Resource Identifier | <a href="http://marc.crcnetbase.com/isbn/9781466588264">http://marc.crcnetbase.com/isbn/9781466588264</a> |
| Electronic format type | application/PDF |
No items available.
